[Event "VL 2016/17"]
[Site "Mecklenburg/Vorpommern"]
[Date "2017.01.15"]
[Round "5.1"]
[White "Kalhorn, Stefan"]
[Black "Roehl, Rainer"]
[Result "1/2-1/2"]
[WhiteElo "2074"]
[BlackElo "2082"]
[PlyCount "23"]
[EventType "team-tourn"]
[EventRounds "9"]
[SourceDate "2016.10.16"]
[WhiteTeam "Greifswalder SV II"]
[BlackTeam "SF Schwerin II"]

1. d4 Nf6 2. c4 e6 3. Nf3 Bb4+ 4. Nbd2 O-O 5. e3 d5 6. Bd3 b6 7. O-O Nbd7 8. a3
Bxd2 9. Bxd2 Bb7 10. Rc1 c5 11. cxd5 Bxd5 12. Qe2 1/2-1/2

[Event "VL 2016/17"]
[Site "Mecklenburg/Vorpommern"]
[Date "2017.01.15"]
[Round "5.2"]
[White "Hanisch, Sebastian"]
[Black "Schwahn, Christian"]
[Result "0-1"]
[WhiteElo "2029"]
[BlackElo "1979"]
[PlyCount "36"]
[EventType "team-tourn"]
[EventRounds "9"]
[SourceDate "2016.10.16"]
[WhiteTeam "SF Schwerin II"]
[BlackTeam "Greifswalder SV II"]

1. d4 Nf6 2. c4 e6 3. Nf3 b6 4. g3 Ba6 5. b3 Bb4+ 6. Bd2 Be7 7. Bg2 d5 8. Ne5
c6 9. Nc3 O-O 10. cxd5 exd5 11. O-O Nfd7 12. Nxd5 cxd5 13. Bxd5 Nxe5 14. Bxa8
Nbc6 15. Bxc6 Nxc6 16. Bc3 Bf6 17. d5 Bxc3 18. Rc1 Nd4 0-1

[Event "VL 2016/17"]
[Site "Mecklenburg/Vorpommern"]
[Date "2017.01.15"]
[Round "5.3"]
[White "Valet, Richard"]
[Black "Wagner, Ralph"]
[Result "0-1"]
[WhiteElo "1872"]
[BlackElo "2063"]
[PlyCount "94"]
[EventType "team-tourn"]
[EventRounds "9"]
[SourceDate "2016.10.16"]
[WhiteTeam "Greifswalder SV II"]
[BlackTeam "SF Schwerin II"]

1. e4 d5 2. exd5 Qxd5 3. Nc3 Qa5 4. d4 c6 5. Bc4 Bf5 6. Qe2 Nf6 7. Nf3 e6 8.
Bd2 Qc7 9. O-O Bd6 10. h3 O-O 11. Bb3 Nbd7 12. Rfe1 a6 13. Ne5 c5 14. Nxd7 Nxd7
15. d5 e5 16. a4 Rac8 17. a5 Bg6 18. Ra4 Qd8 19. f4 exf4 20. Bxf4 Bxf4 21. Rxf4
Qxa5 22. d6 Qb6 23. Nd5 Qxd6 24. Ne7+ Kh8 25. Qf2 Rce8 26. Qh4 Ne5 27. Nf5 Bxf5
28. Rxf5 c4 29. Ba2 Ng6 30. Qf2 Rxe1+ 31. Qxe1 b5 32. c3 Qe6 33. Qf1 Qe3+ 34.
Kh2 f6 35. Bb1 Ne5 36. Rh5 g6 37. Rh4 Kg7 38. Rd4 Rf7 39. Be4 Re7 40. Rd6 Qg5
41. Rxa6 Ng4+ 42. hxg4 Rxe4 43. Ra7+ Kh6 44. Ra1 Rxg4 45. Qf3 Rf4 46. Qb7 Rh4+
47. Kg1 Qc5+ 0-1

[Event "VL 2016/17"]
[Site "Mecklenburg/Vorpommern"]
[Date "2017.01.15"]
[Round "5.4"]
[White "Hornych, Christoph"]
[Black "Sowada, Christoph"]
[Result "1/2-1/2"]
[WhiteElo "2035"]
[BlackElo "1919"]
[PlyCount "34"]
[EventType "team-tourn"]
[EventRounds "9"]
[SourceDate "2016.10.16"]
[WhiteTeam "SF Schwerin II"]
[BlackTeam "Greifswalder SV II"]

1. e4 e5 2. Bc4 Nc6 3. d3 Nf6 4. Nc3 Na5 5. Bb3 Nxb3 6. axb3 d5 7. exd5 Bb4 8.
Nf3 Nxd5 9. Bd2 O-O 10. Nxd5 Bxd2+ 11. Qxd2 Qxd5 12. Ra5 c5 13. O-O b6 14. Ra4
a5 15. Ng5 f5 16. f4 e4 17. Qc3 exd3 1/2-1/2

[Event "VL 2016/17"]
[Site "Mecklenburg/Vorpommern"]
[Date "2017.01.15"]
[Round "5.5"]
[White "Grehl, Tino"]
[Black "Westphal, Wolfgang"]
[Result "0-1"]
[WhiteElo "1843"]
[BlackElo "2057"]
[PlyCount "98"]
[EventType "team-tourn"]
[EventRounds "9"]
[SourceDate "2016.10.16"]
[WhiteTeam "Greifswalder SV II"]
[BlackTeam "SF Schwerin II"]

1. c4 e5 2. Nc3 Bb4 3. g3 Bxc3 4. dxc3 Nf6 5. Bg2 Nc6 6. Nf3 O-O 7. Bg5 h6 8.
Bxf6 Qxf6 9. O-O d6 10. Nd2 Bd7 11. Qc2 Rab8 12. Rfd1 Rfd8 13. Nf1 Ne7 14. Ne3
Bc6 15. Nd5 Bxd5 16. cxd5 c5 17. e4 Qg6 18. Qe2 b5 19. Rf1 b4 20. c4 Re8 21.
Bh3 Qg5 22. Kh1 f5 23. f4 exf4 24. Rxf4 Qf6 25. Rf2 Qd4 26. Rd1 Qxe4+ 27. Qxe4
fxe4 28. Be6+ Kh8 29. Rf7 Ng8 30. Rxa7 Ra8 31. Rd7 Red8 32. Rxd8 Rxd8 33. Bxg8
Kxg8 34. Re1 Ra8 35. Rxe4 Rxa2 36. Re2 Ra1+ 37. Kg2 Rc1 38. Re6 Rxc4 39. b3 Rc3
40. Rxd6 Rxb3 41. Rc6 Rc3 42. Rc7 Kf8 43. Kf2 c4 44. Ke2 Rc2+ 45. Kd1 b3 46. h4
Ke8 47. Rxg7 c3 48. Rb7 Rd2+ 49. Ke1 b2 0-1

[Event "VL 2016/17"]
[Site "Mecklenburg/Vorpommern"]
[Date "2017.01.15"]
[Round "5.6"]
[White "Hasselmann, Dieter"]
[Black "Nauschuetz, Ernst"]
[Result "1-0"]
[WhiteElo "2028"]
[BlackElo "1838"]
[PlyCount "89"]
[EventType "team-tourn"]
[EventRounds "9"]
[SourceDate "2016.10.16"]
[WhiteTeam "SF Schwerin II"]
[BlackTeam "Greifswalder SV II"]

1. e4 c5 2. c3 g6 3. d4 cxd4 4. cxd4 d5 5. exd5 Nf6 6. Bb5+ Nbd7 7. Nc3 Bg7 8.
d6 exd6 9. Qe2+ Qe7 10. Bf4 a6 11. Bxd6 Qxe2+ 12. Bxe2 Nb6 13. Nf3 Be6 14. O-O
O-O-O 15. Be5 Nbd7 16. Ng5 Nxe5 17. Nxe6 fxe6 18. dxe5 Nd5 19. f4 Nxc3 20. Rac1
Kd7 21. Rxc3 Rc8 22. Rd1+ Ke7 23. Rcd3 Rhd8 24. Kf2 Rxd3 25. Rxd3 Rc2 26. Rb3
b5 27. Ke3 Bf8 28. a4 bxa4 29. Rb7+ Kd8 30. Rb8+ Rc8 31. Rxc8+ Kxc8 32. Bxa6+
Kc7 33. Bc4 a3 34. bxa3 Bxa3 35. Bxe6 Kd8 36. Bg8 h6 37. Bf7 g5 38. f5 Ke7 39.
Bc4 Bb2 40. Ke4 Bc3 41. f6+ Ke8 42. Kf5 Bd4 43. e6 Bc3 44. Kg6 g4 45. Bb5+ 1-0

[Event "VL 2016/17"]
[Site "Mecklenburg/Vorpommern"]
[Date "2017.01.15"]
[Round "5.7"]
[White "Dombrowski, Frank"]
[Black "Kutschke, Peter"]
[Result "0-1"]
[WhiteElo "1988"]
[BlackElo "1934"]
[PlyCount "118"]
[EventType "team-tourn"]
[EventRounds "9"]
[SourceDate "2016.10.16"]
[WhiteTeam "Greifswalder SV II"]
[BlackTeam "SF Schwerin II"]

1. c3 d5 2. d4 c6 3. Bf4 Bf5 4. Nf3 h6 5. e3 Qb6 6. Qb3 Nd7 7. Nbd2 e6 8. Be2
Ngf6 9. h3 Be7 10. O-O O-O 11. Rfc1 Rfe8 12. Ne5 Nxe5 13. Bxe5 Ne4 14. Nxe4
Bxe4 15. f3 Bg6 16. Qxb6 axb6 17. c4 Rec8 18. c5 f6 19. Bg3 bxc5 20. dxc5 Ra5
21. b4 Ra3 22. Bd1 Rxe3 23. a4 f5 24. Bf4 Rd3 25. Ra2 Bf6 26. Be2 Rc3 27. Rb1
Bd4+ 28. Kf1 Be3 29. Bxe3 Rxe3 30. a5 f4 31. Rbb2 Bd3 32. Bxd3 Rxd3 33. a6 bxa6
34. Rxa6 Kf7 35. Rba2 Rb3 36. Rb6 d4 37. Rd2 d3 38. Ke1 Kf6 39. Rb7 Rd8 40. Rc7
Rxb4 41. Rxc6 Rc4 42. Rc7 g5 43. Rc6 Ke5 44. Rc7 Kd4 45. c6 Rd6 46. Ra7 Rcxc6
47. Ra3 Rc3 48. Ra4+ Kc5 49. h4 Rb6 50. hxg5 hxg5 51. Ra5+ Rb5 52. Ra8 Kd4 53.
Rd8+ Rd5 54. Ra8 Rdc5 55. Rd8+ Kc4 56. Kf1 Rd5 57. Ra8 Kd4 58. Kf2 Rc2 59. Ra4+
Kc3 0-1

[Event "VL 2016/17"]
[Site "Mecklenburg/Vorpommern"]
[Date "2017.01.15"]
[Round "5.8"]
[White "Kross, Gunnar"]
[Black "Troyke, Jannis"]
[Result "0-1"]
[WhiteElo "1979"]
[BlackElo "1710"]
[PlyCount "54"]
[EventType "team-tourn"]
[EventRounds "9"]
[SourceDate "2016.10.16"]
[WhiteTeam "SF Schwerin II"]
[BlackTeam "Greifswalder SV II"]

1. d4 Nf6 2. c4 g6 3. Nc3 Bg7 4. e4 d6 5. f3 O-O 6. Be3 Nbd7 7. Qd2 c5 8. Nge2
Qc7 9. Rc1 a6 10. Nd5 Nxd5 11. cxd5 b5 12. dxc5 dxc5 13. g4 Ne5 14. Kf2 Nc4 15.
Qc2 Bxb2 16. Rb1 Bg7 17. Bc1 e6 18. Nf4 Bd4+ 19. Ke2 e5 20. Ng2 f5 21. Ke1 fxg4
22. Bxc4 bxc4 23. Qxc4 gxf3 24. Ne3 Qf7 25. Kf2 Qf4 26. h4 Qxe4 27. Rb6 Bxe3+
0-1

[Event "VL 2016/17"]
[Site "Mecklenburg/Vorpommern"]
[Date "2017.01.15"]
[Round "5.3"]
[White "Moritz, Hartmut"]
[Black "Rossmann, Andreas"]
[Result "0-1"]
[WhiteElo "1844"]
[BlackElo "1919"]
[PlyCount "46"]
[EventType "team-tourn"]
[EventRounds "9"]
[SourceDate "2016.10.16"]
[WhiteTeam "SSC Rostock II"]
[BlackTeam "SG Neubrandenburg"]

1. e4 c5 2. c3 d5 3. exd5 Qxd5 4. d4 Nc6 5. Nf3 Bg4 6. Be2 e6 7. O-O Nf6 8. Be3
cxd4 9. cxd4 Be7 10. h3 Bh5 11. Nc3 Qa5 12. a3 Nd5 13. Nxd5 Qxd5 14. b4 a6 15.
Rc1 O-O 16. g4 Bg6 17. Bc4 Qd6 18. d5 exd5 19. Qxd5 Rfd8 20. Rfd1 Qc7 21. Nd4
Rxd5 22. Bxd5 Rd8 23. Nxc6 bxc6 0-1

[Event "VL 2016/17"]
[Site "Mecklenburg/Vorpommern"]
[Date "2017.01.15"]
[Round "5.4"]
[White "Kunow, Frank"]
[Black "Herde, Dittmar"]
[Result "1/2-1/2"]
[WhiteElo "1891"]
[BlackElo "1829"]
[PlyCount "46"]
[EventType "team-tourn"]
[EventRounds "9"]
[SourceDate "2016.10.16"]
[WhiteTeam "SG Neubrandenburg"]
[BlackTeam "SSC Rostock II"]

1. Nf3 Nf6 2. c4 d5 3. g3 c6 4. Bg2 g6 5. b3 Bg7 6. Bb2 O-O 7. O-O Bf5 8. d3
Qc8 9. Re1 Rd8 10. Na3 Bh3 11. Bh1 Na6 12. Nc2 Nc7 13. Ne3 Ng4 14. Bxg7 Nxe3
15. Qd2 Kxg7 16. Qxe3 Qd7 17. Qf4 f6 18. e4 e5 19. Nxe5 fxe5 20. Qxe5+ Kg8 21.
exd5 cxd5 22. cxd5 Nxd5 23. Qg5 Be6 1/2-1/2

[Event "VL 2016/17"]
[Site "Mecklenburg/Vorpommern"]
[Date "2017.01.15"]
[Round "5.5"]
[White "Nour, Alaa"]
[Black "Stoevesand, Peter"]
[Result "0-1"]
[WhiteElo "2008"]
[BlackElo "1851"]
[PlyCount "118"]
[EventType "team-tourn"]
[EventRounds "9"]
[SourceDate "2016.10.16"]
[WhiteTeam "SSC Rostock II"]
[BlackTeam "SG Neubrandenburg"]

1. e4 e5 2. Nf3 Nc6 3. Bc4 Bc5 4. d3 Nf6 5. O-O d6 6. Bg5 h6 7. Be3 Bb6 8. c3
Bg4 9. h3 Bh5 10. Nbd2 Qd7 11. b4 O-O 12. Qb3 Rad8 13. Bxb6 axb6 14. Rfe1 Rfe8
15. Bd5 Nxd5 16. exd5 Ne7 17. d4 f6 18. g4 Bf7 19. c4 c6 20. dxc6 bxc6 21. Qc3
Ng6 22. Re3 Nf4 23. Kh2 h5 24. Kg3 Nxh3 25. Kxh3 hxg4+ 26. Kg2 gxf3+ 27. Rxf3
Qg4+ 28. Rg3 Qxd4 29. Qf3 e4 30. Qg4 f5 31. Qxf5 Qxa1 32. Nxe4 Rxe4 33. Qxe4 d5
34. Qd3 Qe5 35. Kh2 Re8 36. c5 bxc5 37. bxc5 Re6 38. Kg2 Qe4+ 39. Qxe4 Rxe4 40.
Rc3 Rc4 41. Rxc4 dxc4 42. Kf3 c3 43. Ke3 Bxa2 44. Kd3 Kf7 45. Kxc3 Kf6 46. Kd4
Kf5 47. Kd3 Kf4 48. Ke2 Ke4 49. f3+ Kd4 50. Kd2 Kxc5 51. Kc3 Bd5 52. f4 Be4 53.
Kd2 Kd4 54. Ke2 c5 55. Kd2 c4 56. Kd1 Kd3 57. Ke1 c3 58. Kd1 c2+ 59. Kc1 Bf5
0-1

[Event "VL 2016/17"]
[Site "Mecklenburg/Vorpommern"]
[Date "2017.01.15"]
[Round "5.6"]
[White "Witkowski, Rainer"]
[Black "Menkhaus, Wolf Dieter"]
[Result "1/2-1/2"]
[WhiteElo "1858"]
[BlackElo "1800"]
[PlyCount "28"]
[EventType "team-tourn"]
[EventRounds "9"]
[SourceDate "2016.10.16"]
[WhiteTeam "SG Neubrandenburg"]
[BlackTeam "SSC Rostock II"]

1. e4 e5 2. Bc4 Nf6 3. d3 Bc5 4. Nf3 d6 5. O-O O-O 6. c3 Bb6 7. Be3 Nc6 8. b4
Bg4 9. a4 d5 10. exd5 Nxd5 11. Bxd5 Qxd5 12. a5 Bxf3 13. Qxf3 Qxf3 14. gxf3
Bxe3 1/2-1/2

[Event "VL 2016/17"]
[Site "Mecklenburg/Vorpommern"]
[Date "2017.01.15"]
[Round "5.7"]
[White "Raitza, Egon"]
[Black "Winkler, Karl"]
[Result "0-1"]
[WhiteElo "1559"]
[BlackElo "1844"]
[PlyCount "96"]
[EventType "team-tourn"]
[EventRounds "9"]
[SourceDate "2016.10.16"]
[WhiteTeam "SSC Rostock II"]
[BlackTeam "SG Neubrandenburg"]

1. d4 Nf6 2. c4 e6 3. Nc3 Bb4 4. e3 c5 5. Bd3 d5 6. Nge2 Nc6 7. dxc5 dxc4 8.
Bxc4 Qxd1+ 9. Kxd1 Bxc5 10. Ng3 O-O 11. Ke2 Ne5 12. Bb3 b6 13. a4 Bb7 14. f3
Rfd8 15. Rd1 Rxd1 16. Bxd1 Rd8 17. Bc2 Nd5 18. Nge4 Bb4 19. Nb5 Ba6 20. Bd2
Bxd2 21. Nxd2 Nb4 22. Bb1 Ned3 23. Nc4 Nc5 24. Ra3 Nc6 25. b3 Rd7 26. Nd2 Nb4
27. Ne4 Ncd3 28. f4 Kf8 29. g4 Ke7 30. Ra1 Nc1+ 31. Ke1 Nxb3 32. Ra3 Nc5 33.
Nxc5 bxc5 34. Rc3 Bxb5 35. axb5 Rc7 36. e4 f6 37. Ke2 h6 38. h4 Kd6 39. Rc4 Rb7
40. e5+ fxe5 41. fxe5+ Kd5 42. Re4 Rxb5 43. Rf4 Kxe5 44. Rf7 Nc6 45. Bd3 Rb2+
46. Kd1 g5 47. h5 Rg2 48. Be2 Nd4 0-1

[Event "VL 2016/17"]
[Site "Mecklenburg/Vorpommern"]
[Date "2017.01.15"]
[Round "5.8"]
[White "Baier, Karsten"]
[Black "Klippel, Jan"]
[Result "0-1"]
[WhiteElo "1839"]
[BlackElo "2049"]
[PlyCount "84"]
[EventType "team-tourn"]
[EventRounds "9"]
[SourceDate "2016.10.16"]
[WhiteTeam "SG Neubrandenburg"]
[BlackTeam "SSC Rostock II"]

1. d4 d5 2. c4 c6 3. Nf3 Nf6 4. Nc3 a6 5. c5 Nbd7 6. b4 g6 7. Bb2 Bg7 8. e3 O-O
9. Bd3 e5 10. dxe5 Ng4 11. Na4 Ngxe5 12. Nxe5 Nxe5 13. Be2 Qg5 14. g3 Qe7 15.
Nb6 Rb8 16. Nxc8 Rbxc8 17. Rb1 Rcd8 18. Bd4 Rfe8 19. O-O Qe6 20. Re1 h5 21. a4
Qf5 22. f4 Ng4 23. Bxg4 hxg4 24. Bxg7 Kxg7 25. Qd4+ Qf6 26. Qd1 Qf5 27. Qd4+
Qf6 28. Qd1 Qc3 29. Qd4+ Qxd4 30. exd4 Re4 31. Rbd1 Kf6 32. Rxe4 dxe4 33. Kf2
Ke6 34. Ke3 f5 35. Rb1 Rh8 36. Rb2 Kd5 37. b5 axb5 38. axb5 Ra8 39. bxc6 Ra3+
40. Ke2 bxc6 41. Rd2 Rb3 42. Kd1 Rd3 0-1

[Event "VL 2016/17"]
[Site "Mecklenburg/Vorpommern"]
[Date "2017.02.26"]
[Round "6.2"]
[White "Kliewe, Hans Juergen"]
[Black "Schumann, Rabea"]
[Result "1-0"]
[WhiteElo "1963"]
[BlackElo "1803"]
[PlyCount "57"]
[EventType "team-tourn"]
[EventRounds "9"]
[SourceDate "2016.10.16"]
[WhiteTeam "ASV Wismar"]
[BlackTeam "SSC Rostock II"]

1. d4 d5 2. Bf4 Nf6 3. e3 e6 4. Nf3 c5 5. c3 Nc6 6. Nbd2 Bd6 7. Bg5 cxd4 8.
exd4 h6 9. Bh4 O-O 10. Bd3 b6 11. O-O Bb7 12. Re1 Rc8 13. Ne5 Be7 14. f4 Ne8
15. Bg3 Nd6 16. Qf3 b5 17. f5 Nxf5 18. Bxf5 exf5 19. Qxf5 Nxe5 20. Bxe5 b4 21.
Re3 Bd6 22. cxb4 Bxe5 23. Qxe5 Rc2 24. Nb3 Rxb2 25. a3 Qh4 26. Rg3 g6 27. Nc5
Bc6 28. Ne6 f6 29. Qc7 1-0

[Event "VL 2016/17"]
[Site "Mecklenburg/Vorpommern"]
[Date "2017.02.26"]
[Round "6.3"]
[White "Herde, Dittmar"]
[Black "Stutz, Reno"]
[Result "0-1"]
[WhiteElo "1829"]
[BlackElo "1951"]
[PlyCount "52"]
[EventType "team-tourn"]
[EventRounds "9"]
[SourceDate "2016.10.16"]
[WhiteTeam "SSC Rostock II"]
[BlackTeam "ASV Wismar"]

1. d4 d5 2. c4 e5 3. dxe5 d4 4. Nf3 Nc6 5. a3 Nge7 6. e3 Bg4 7. exd4 Bxf3 8.
Qxf3 Qxd4 9. Nc3 O-O-O 10. Be3 Qxe5 11. Be2 Nf5 12. O-O Nxe3 13. Qxe3 Qxe3 14.
fxe3 f6 15. Rad1 Bc5 16. Nd5 Rhe8 17. Kf2 a5 18. Bf3 f5 19. Ke2 Nd4+ 20. Kf2
Nc2 21. Rd3 f4 22. Bg4+ Kb8 23. Nxf4 Bxe3+ 24. Kf3 Bxf4 25. Rxd8+ Rxd8 26. Rf2
Rd2 0-1

[Event "VL 2016/17"]
[Site "Mecklenburg/Vorpommern"]
[Date "2017.02.26"]
[Round "6.4"]
[White "Schulz, Bernd"]
[Black "Nour, Alaa"]
[Result "0-1"]
[WhiteElo "1875"]
[BlackElo "2008"]
[PlyCount "86"]
[EventType "team-tourn"]
[EventRounds "9"]
[SourceDate "2016.10.16"]
[WhiteTeam "ASV Wismar"]
[BlackTeam "SSC Rostock II"]

1. e4 e6 2. d4 d5 3. exd5 exd5 4. Nf3 c5 5. Bb5+ Nc6 6. Qe2+ Be7 7. Ne5 Qd6 8.
dxc5 Qxc5 9. O-O Nf6 10. Re1 Be6 11. Nd2 Qxc2 12. Nxf7 O-O 13. Nh6+ gxh6 14.
Qxe6+ Rf7 15. Nf3 Bb4 16. Qe2 Qc5 17. Be3 Qd6 18. Red1 Re8 19. Qd3 Rxe3 20.
fxe3 Bc5 21. Rf1 Ng4 22. Rae1 Rxf3 23. Rxf3 Qxh2+ 24. Kf1 Qh1+ 25. Ke2 Qxg2+
26. Kd1 Qxf3+ 27. Kc1 Bxe3+ 28. Kb1 Qe4 29. Qxe4 dxe4 30. Bc4+ Kg7 31. Bd5 Bc5
32. Bxe4 Nge5 33. Rh1 b6 34. Rh2 Ne7 35. Rg2+ N7g6 36. Kc2 h5 37. Kd2 h4 38.
Bf5 Kf6 39. Bc8 Nc4+ 40. Kc3 Nd6 41. Bd7 Nf5 42. b4 Bd6 43. Rf2 Nge7 0-1

[Event "VL 2016/17"]
[Site "Mecklenburg/Vorpommern"]
[Date "2017.02.26"]
[Round "6.5"]
[White "Menkhaus, Wolf Dieter"]
[Black "Podolskiy, Alexander"]
[Result "1/2-1/2"]
[WhiteElo "1800"]
[BlackElo "1871"]
[PlyCount "26"]
[EventType "team-tourn"]
[EventRounds "9"]
[SourceDate "2016.10.16"]
[WhiteTeam "SSC Rostock II"]
[BlackTeam "ASV Wismar"]

1. d4 d5 2. c4 e6 3. Nc3 Nf6 4. Bg5 Be7 5. e3 O-O 6. Nf3 b6 7. Rc1 Bb7 8. Bxf6
Bxf6 9. cxd5 exd5 10. Bd3 c5 11. O-O Na6 12. Bf5 Nc7 13. Ne2 c4 1/2-1/2

[Event "VL 2016/17"]
[Site "Mecklenburg/Vorpommern"]
[Date "2017.02.26"]
[Round "6.6"]
[White "Junggebauer, Thomas"]
[Black "Hodl, Ingolf"]
[Result "1-0"]
[WhiteElo "1849"]
[BlackElo "1891"]
[PlyCount "103"]
[EventType "team-tourn"]
[EventRounds "9"]
[SourceDate "2016.10.16"]
[WhiteTeam "ASV Wismar"]
[BlackTeam "SSC Rostock II"]

1. e4 Nf6 2. Nc3 e5 3. Nf3 Nc6 4. d4 exd4 5. Nxd4 Bb4 6. Nxc6 bxc6 7. Bd3 O-O
8. O-O Re8 9. Qf3 h6 10. Bf4 d6 11. h3 Bb7 12. Rad1 Bxc3 13. bxc3 c5 14. Rfe1
c4 15. Bxc4 Bxe4 16. Qg3 Nh5 17. Qg4 Nxf4 18. Bxf7+ Kxf7 19. Qxf4+ Qf6 20. Rxe4
Qxf4 21. Rxf4+ Kg6 22. Rd3 Re7 23. Rg3+ Kh7 24. Re3 Rae8 25. Rff3 Kg8 26. Kf1
Re5 27. Ke2 Rb8 28. Rxe5 dxe5 29. a3 Rb5 30. c4 Ra5 31. Kd2 Ra4 32. Re3 Rxc4
33. Rxe5 a6 34. Ra5 Rc6 35. Kd3 Kf7 36. c4 Ke6 37. f4 Kd7 38. Kd4 Rf6 39. Ke4
Re6+ 40. Re5 Rc6 41. c5 Rf6 42. f5 Kc6 43. g4 Kb5 44. h4 Ka4 45. g5 hxg5 46.
hxg5 Rf7 47. Re6 a5 48. g6 Rd7 49. Ke5 Kxa3 50. f6 gxf6+ 51. Kxf6 Rd1 52. g7
1-0

[Event "VL 2016/17"]
[Site "Mecklenburg/Vorpommern"]
[Date "2017.02.26"]
[Round "6.8"]
[White "Roeder, Phillip"]
[Black "Klippel, Jan"]
[Result "1-0"]
[WhiteElo "1847"]
[BlackElo "2049"]
[PlyCount "83"]
[EventType "team-tourn"]
[EventRounds "9"]
[SourceDate "2016.10.16"]
[WhiteTeam "ASV Wismar"]
[BlackTeam "SSC Rostock II"]

1. Nc3 d5 2. e4 c6 3. Qf3 dxe4 4. Nxe4 Nd7 5. d4 Ngf6 6. Bc4 e6 7. c3 Nxe4 8.
Qxe4 Nf6 9. Qe2 Qc7 10. Bg5 Be7 11. Nf3 O-O 12. O-O Rd8 13. Ne5 Bd7 14. Rad1
Be8 15. Rfe1 c5 16. Nf3 Rac8 17. Bd3 a6 18. dxc5 Qxc5 19. Bxf6 Bxf6 20. Qe4 g6
21. Qxb7 Rb8 22. Qxa6 Rxb2 23. Nd4 Qxc3 24. Ne2 Qc5 25. Qc4 Qa5 26. Nc1 Ba4 27.
Nb3 Qb6 28. Bc2 Rxa2 29. Rxd8+ Bxd8 30. Nd4 Qa5 31. Rd1 Bd7 32. Nb3 Qa7 33. Nc5
Bb6 34. Nxd7 Bxf2+ 35. Kh1 Ra1 36. Qf1 Bd4 37. Rxa1 Bxa1 38. Qb5 Kg7 39. h3 Qf2
40. Qb8 Qe1+ 41. Kh2 Bd4 42. Qf8# 1-0

[Event "VL 2016/17"]
[Site "Mecklenburg/Vorpommern"]
[Date "2017.02.26"]
[Round "6.1"]
[White "Roehl, Rainer"]
[Black "Ispirjan, Mikael"]
[Result "1-0"]
[WhiteElo "2082"]
[BlackElo "1998"]
[PlyCount "117"]
[EventType "team-tourn"]
[EventRounds "9"]
[SourceDate "2016.10.16"]
[WhiteTeam "SF Schwerin II"]
[BlackTeam "SAV Torgelow"]

1. d4 Nf6 2. Nf3 c5 3. e3 cxd4 4. exd4 d5 5. Bd3 Bg4 6. Nbd2 e6 7. c3 Be7 8.
Qa4+ Nbd7 9. Ne5 Bh5 10. O-O O-O 11. f4 Qc7 12. Ndf3 a6 13. Nxd7 Nxd7 14. Ne5
b5 15. Qc2 Bg6 16. Nxd7 Qxd7 17. f5 exf5 18. Bxf5 Qc6 19. Bd2 Bf6 20. Bxg6 hxg6
21. Qd3 a5 22. Rae1 Qb6 23. g4 Qd8 24. Qf3 Ra6 25. Re2 b4 26. Qf4 bxc3 27. bxc3
g5 28. Qf3 Rb6 29. Bc1 a4 30. Rfe1 Rc6 31. Ba3 Qc8 32. Bxf8 Rxc3 33. Qf5 Bxd4+
34. Kg2 Kxf8 35. Re8+ Qxe8 36. Rxe8+ Kxe8 37. Qxd5 Rc2+ 38. Kf1 Rf2+ 39. Ke1
Rf4 40. Qxg5 Re4+ 41. Kd2 Bf6 42. Qb5+ Kf8 43. Qb8+ Re8 44. Qb4+ Kg8 45. Qxa4
Rd8+ 46. Ke2 Rd4 47. Qc6 Kh7 48. h3 Bg5 49. Qc2+ g6 50. a4 Bd8 51. Qc6 Rf4 52.
Qd5 Bb6 53. a5 Bg1 54. a6 f5 55. g5 Re4+ 56. Kf1 Bd4 57. a7 Bxa7 58. Qf7+ Kh8
59. Qf8+ 1-0

[Event "VL 2016/17"]
[Site "Mecklenburg/Vorpommern"]
[Date "2017.02.26"]
[Round "6.2"]
[White "Schmekel, Florian"]
[Black "Hanisch, Sebastian"]
[Result "0-1"]
[WhiteElo "1959"]
[BlackElo "2029"]
[PlyCount "144"]
[EventType "team-tourn"]
[EventRounds "9"]
[SourceDate "2016.10.16"]
[WhiteTeam "SAV Torgelow"]
[BlackTeam "SF Schwerin II"]

1. d4 d5 2. c4 e6 3. Nc3 c6 4. cxd5 exd5 5. Nf3 Bd6 6. Bg5 Qb6 7. Qc2 f6 8. Bh4
Ne7 9. Bg3 Bf5 10. Qd2 Bxg3 11. hxg3 Na6 12. e3 O-O-O 13. Na4 Qb4 14. Qxb4 Nxb4
15. Kd2 Kc7 16. a3 Na6 17. Bxa6 bxa6 18. Nc5 Kb6 19. Ne1 Nc8 20. Ned3 Nd6 21.
Na4+ Kc7 22. Ndc5 a5 23. b3 h6 24. Nc3 Rhe8 25. Rhc1 Kb6 26. b4 Nc4+ 27. Ke2
Re7 28. Ra2 Bg6 29. N3a4+ Kc7 30. bxa5 Nxa5 31. Rb2 Rc8 32. Na6+ Kd6 33. N4c5
Nc4 34. Rb3 Na5 35. Rb4 Nc4 36. Rc3 Bf5 37. Rcb3 Bc2 38. Rb8 Nb6 39. R3xb6 axb6
40. Rxc8 bxc5 41. Rd8+ Rd7 42. Rxd7+ Kxd7 43. Nxc5+ Kd6 44. a4 Bf5 45. a5 Kc7
46. Kd2 g5 47. Kc3 h5 48. Kb4 Bg4 49. Na4 Be2 50. Kc5 h4 51. Nc3 Bf1 52. gxh4
gxh4 53. e4 Bxg2 54. e5 fxe5 55. dxe5 Bf1 56. f4 h3 57. Nd1 h2 58. Nf2 Bh3 59.
Kd4 Bf5 60. Ke3 c5 61. Kf3 h1=Q+ 62. Nxh1 Be4+ 63. Ke3 Bxh1 64. f5 Kd7 65. a6
d4+ 66. Kd3 Ke7 67. a7 Bd5 68. Kd2 c4 69. f6+ Ke6 70. Kc2 Be4+ 71. Kb2 c3+ 72.
Kb3 Kf7 0-1

[Event "VL 2016/17"]
[Site "Mecklenburg/Vorpommern"]
[Date "2017.02.26"]
[Round "6.3"]
[White "Wagner, Ralph"]
[Black "Zentgraf, Robert"]
[Result "1-0"]
[WhiteElo "2063"]
[BlackElo "2099"]
[PlyCount "53"]
[EventType "team-tourn"]
[EventRounds "9"]
[SourceDate "2016.10.16"]
[WhiteTeam "SF Schwerin II"]
[BlackTeam "SAV Torgelow"]

1. d4 Nf6 2. c4 g6 3. Nc3 Bg7 4. e4 d6 5. f3 O-O 6. Bg5 h6 7. Be3 e5 8. d5 Nh5
9. Qd2 Kh7 10. g4 Nf4 11. Nge2 Nxe2 12. Bxe2 f5 13. gxf5 gxf5 14. exf5 Bxf5 15.
O-O-O Qh4 16. Rhg1 Na6 17. Bd3 Qh5 18. Ne4 Bxe4 19. Bxe4+ Kh8 20. Rxg7 Kxg7 21.
Bxh6+ Kf6 22. Bxf8 Rxf8 23. Rg1 Rh8 24. b4 Rh6 25. a3 Kf7 26. Qg2 Qh4 27. Qg8+
1-0

[Event "VL 2016/17"]
[Site "Mecklenburg/Vorpommern"]
[Date "2017.02.26"]
[Round "6.4"]
[White "Ehlers, Michael"]
[Black "Westphal, Wolfgang"]
[Result "0-1"]
[WhiteElo "1881"]
[BlackElo "2057"]
[PlyCount "94"]
[EventType "team-tourn"]
[EventRounds "9"]
[SourceDate "2016.10.16"]
[WhiteTeam "SAV Torgelow"]
[BlackTeam "SF Schwerin II"]

1. e4 c5 2. Nf3 Nc6 3. d4 cxd4 4. Nxd4 e5 5. Nb5 a6 6. Nd6+ Bxd6 7. Qxd6 Qf6 8.
Qc7 Qe7 9. Nc3 Nb4 10. Bd3 d5 11. Qb6 d4 12. Na4 Nf6 13. Bd2 Nc6 14. Nc5 Nd7
15. Nxd7 Qxd7 16. O-O O-O 17. f4 Qd8 18. Qxd8 Rxd8 19. a4 exf4 20. Bxf4 Be6 21.
Bc7 Rd7 22. Bb6 Rc8 23. Rac1 Ne5 24. Rfd1 Rd6 25. a5 Nd7 26. e5 Nxe5 27. Bxd4
Rxd4 28. Bxh7+ Kxh7 29. Rxd4 f6 30. c3 Bd7 31. Rcd1 Bc6 32. Kf2 Re8 33. h3 Kg6
34. R1d2 Kf7 35. b3 g5 36. c4 Ng6 37. b4 Nf4 38. Kf1 Re3 39. Rb2 Nd3 40. Rb1
Kg6 41. Rd6 Ne5 42. b5 axb5 43. cxb5 Be4 44. Ra1 Bd3+ 45. Kf2 Re2+ 46. Kg3 Bxb5
47. h4 Bc6 0-1

[Event "VL 2016/17"]
[Site "Mecklenburg/Vorpommern"]
[Date "2017.02.26"]
[Round "6.5"]
[White "Hasselmann, Dieter"]
[Black "Bauer, Norbert"]
[Result "1/2-1/2"]
[WhiteElo "2028"]
[BlackElo "1965"]
[PlyCount "73"]
[EventType "team-tourn"]
[EventRounds "9"]
[SourceDate "2016.10.16"]
[WhiteTeam "SF Schwerin II"]
[BlackTeam "SAV Torgelow"]

1. e4 c5 2. c3 d5 3. exd5 Qxd5 4. d4 Nc6 5. Nf3 Bg4 6. Be2 cxd4 7. cxd4 e6 8.
Nc3 Qd6 9. O-O Nf6 10. Nb5 Qb8 11. Bg5 Be7 12. Bh4 O-O 13. Bg3 Qd8 14. Rc1 a6
15. Nc3 Nb4 16. a3 Nbd5 17. Na4 Bd6 18. Ne5 Bxe2 19. Qxe2 Qe7 20. Rc2 Rfc8 21.
Rfc1 Rxc2 22. Rxc2 h6 23. h3 a5 24. Nc3 Nxc3 25. Rxc3 Nd5 26. Rc2 Qe8 27. Qf3
Bxe5 28. Bxe5 Rc8 29. Qb3 Rxc2 30. Qxc2 Qd7 31. Qc5 a4 32. g4 f6 33. Bg3 Kf7
34. Kf1 Ne7 35. Bd6 Nd5 36. Bg3 Ne7 37. Bd6 1/2-1/2